000 00843nam a2200217Ii 4500
003 JO-AjNU
008 230605s9999||||xx |||||||||||||| ||und||
017 _a1999/9/1154
040 _aJO-AjNU
_bara
_erda
_cJO-AjNU
041 _aara
050 1 4 _aT58.64.K5464 2000
100 3 _aالكيلاني، عثمان ، م.مشارك هلال البياتي، م.مشارك علاء السالمي,
_eauthor
_957107
245 0 0 _aالمدخل الى نظم المعلومات الادارية
250 _aط1
264 3 1 _aعمان: دار المناهج للنشر والتوزيع، 2000
300 _a345ص
_bيحتوي ببلوغرافية من ص 339-345ص
336 _atext
_btxt
_2rdacontent
337 _aunmediated
_bn
_2rdamedia
338 _avolume
_bnc
_2rdacarrier
650 4 _aنظم المعلومات الادارية
_957108
999 _aA25571
_c29139
_d29139